Statistiques concernant Films avec Louis de Funès par image

Cliquez ici pour prendre le quiz!

Statistiques générales

  • Ce quiz a été pris 579 fois
  • Le résultat moyen est 11 sur 16

Statistiques - réponses

Réponse% Correct
Le Gendarme de Saint-Tropez
96%
Les Aventures de Rabbi Jacob
95%
La Grande Vadrouille
92%
La Soupe aux choux
88%
L'Aile ou la Cuisse
82%
Le Corniaud
79%
La Folie des grandeurs
78%
Fantômas
76%
Le Grand Restaurant
74%
L'Avare
73%
Le Petit Baigneur
69%
Hibernatus
68%
La Zizanie
53%
La Traversée de Paris
50%
Les Grandes Vacances
43%
L'Homme orchestre
29%

Distribution des résultats

Percentile par nombre de réponses

% des personnes avec chaque résultat

Votre développement - résultats

Vous n’avez pas pris ce quiz